000 01946nam a2200421Ia 4500
001 ebr10511440
003 CaPaEBR
006 m u
007 cr cn|||||||||
008 110623s2011 ncua sb s000 0deng d
020 _z0807869430
020 _z9780807869437
020 _z9780807869444
040 _aCaPaEBR
_cCaPaEBR
035 _a(OCoLC)769189696
050 1 4 _aE444
_b.N87 2011eb
100 1 _aNorthup, Solomon,
_db. 1808.
245 1 0 _aTwelve years a slave
_h[electronic resource] :
_bnarrative of Solomon Northup, a citizen of New-York, kidnapped in Washington City in 1841, and rescued in 1853 /
_cby Solomon Northrup ; edited by David Wilson.
260 _aChapel Hill :
_bUniversity of North Carolina at Chapel Hill Library :
_bdistributed by University of North Carolina Press,
_c2011.
300 _a228 p. :
_bill.
500 _a"DocSouth books edition".
500 _aOriginally published: Auburn, N.Y. : Derby and Miller, 1853.
504 _aIncludes bibliographical references.
533 _aElectronic reproduction.
_bPalo Alto, Calif. :
_cebrary,
_d2011.
_nAvailable via World Wide Web.
_nAccess may be limited to ebrary affiliated libraries.
600 1 0 _aNorthup, Solomon,
_db. 1808.
650 0 _aFreedmen
_zUnited States
_vBiography.
650 0 _aKidnapping victims
_zNew York (State)
_vBiography.
650 0 _aSlaves
_zUnited States
_vBiography.
650 0 _aAfrican Americans
_vBiography.
650 0 _aSlaves' writings, American.
650 0 _aPlantation life
_zLouisiana
_xHistory
_y19th century.
650 0 _aSlavery
_zLouisiana
_xHistory
_y19th century.
655 7 _aElectronic books.
_2local
700 1 _aWilson, David.
710 2 _aUniversity of North Carolina at Chapel Hill.
_bDocumenting the American South (Project)
710 2 _aebrary, Inc.
856 4 0 _uhttp://site.ebrary.com/lib/rucke/Doc?id=10511440
_zAn electronic book accessible through the World Wide Web; click to view
999 _c119353
_d119353